Designing out crime will save London millions (Record no. 73938)

MARC details
000 -LEADER
fixed length control field 01024cam a2200205 4500
001 - CONTROL NUMBER
control field WB3947-12
008 - FIXED-LENGTH DATA ELEMENTS--GENERAL INFORMATION
fixed length control field 031210n2003 000 0 eng u
035 ## - SYSTEM CONTROL NUMBER
System control number (Sirsi) u124590
245 ## - TITLE STATEMENT
Title Designing out crime will save London millions
260 ## - PUBLICATION, DISTRIBUTION, ETC.
Date of publication, distribution, etc. 2003
490 ## - SERIES STATEMENT
Series statement Greater London Authority News Release
Volume/sequential designation (522) 5 December 2003 (2)
520 ## - SUMMARY, ETC.
Summary, etc. A seminar hosted by the London Assembly's Environment Committee examined ways of reducing anti-social and environmental crimes. Delegates said that crime could be minimised by city designers achieving a better balance between creating a welcoming area whilst maintaining security. Design, maintenance and management of areas were also highlighted together with community involvement. The press release can be viewed at http://www.london.gov.uk/view_press_release_a.jsp?releaseid=2147
590 ## - LOCAL NOTE (RLIN)
Local note WB
650 ## - SUBJECT ADDED ENTRY--TOPICAL TERM
Topical term or geographic name entry element GREATER LONDON ASSEMBLY
650 ## - SUBJECT ADDED ENTRY--TOPICAL TERM
Topical term or geographic name entry element URBAN DESIGN
650 ## - SUBJECT ADDED ENTRY--TOPICAL TERM
Topical term or geographic name entry element SECURITY
650 ## - SUBJECT ADDED ENTRY--TOPICAL TERM
Topical term or geographic name entry element ANTI-SOCIAL BEHAVIOUR
690 ## - LOCAL SUBJECT ADDED ENTRY--TOPICAL TERM (OCLC, RLIN)
Topical term or geographic name as entry element REGENERATION
942 ## - ADDED ENTRY ELEMENTS (KOHA)
Suppress in OPAC 0
Holdings
Withdrawn status Lost status Source of classification or shelving scheme Damaged status Not for loan Home library Current library Shelving location Date acquired Total Checkouts Full call number Barcode Date last seen Copy number Price effective from Koha item type
    Dewey Decimal Classification     London London News article 10/12/2003   WB3947-12 124590-1001 06/08/2019 1 06/08/2019 News article
    Dewey Decimal Classification     London London News article 11/12/2003   WB3947-12 124590-1002 06/08/2019 2 06/08/2019 News article